SCH - Rooftop - Statistiques

Statistiques générales
  • Ce quiz a été pris 9 fois
  • Le résultat moyen est 13 sur 17
Statistiques - réponses
Artistes Musiques % Correct
SCH Interlude
100%
SCH Ah Gars
88%
SCH, Gims Baden Baden
88%
SCH Ça Ira
88%
SCH Cervelle
88%
SCH Ciment
88%
SCH, Ninho Mayday
88%
SCH Petit Coeur
88%
SCH, Heuss l'Enfoiré Super Silver Haze
88%
SCH R.A.C.
75%
SCH Tirer un Trait
75%
SCH All Eyes On Me
63%
SCH, Capo Plaza, Soolking Every Day
63%
SCH Frime
63%
SCH Paye
63%
SCH, Rim'K Solitude
63%
SCH Tant Pis
50%
Aucun quiz correspondant
Distribution des résultats
% des personnes avec chaque résultat
Percentile par nombre de réponses
Votre historique - résultats
Vous n’avez pas pris ce quiz